000 00732nam a2200289Ia 4500
005 20260324111529.0
008 008 260324s9999 xx 000 0 eng d
020 _a9781003503262
037 _aEBOOK
040 _aCRL
040 _beng
040 _cCRL
041 _2eng
041 _aeng
084 _qCRL
100 _aXiao Huang; Xinyue Ye; Kathleen Stewart; Subasish Das
_91138944
245 0 _aUrban Human Mobility
245 0 _bPractices, Analytics, and Strategies for Smart Cities
260 _bTaylor and Francis
260 _c2025
365 _a
365 _b320
856 _uhttp://www.taylorfrancis.com/books/9781003503262
942 _cEBOOK
999 _c1727805
_d1727805